| 000 | 00782cam a2200253 4500 | ||
|---|---|---|---|
| 008 | 090401t1994 xxu||||| |||| 00| 0 eng d | ||
| 020 | _a1853832081 | ||
| 035 | _a(Sirsi) u38913 | ||
| 041 | _aeng | ||
| 050 | _a621.4023 | ||
| 100 | _aPatterson, Walt | ||
| 245 | _aPower from plants: the global implications of new technologies for electricity from biomass. | ||
| 260 |
_aLondon _bEarthscan Publications Ltd. _c1994 |
||
| 300 | _axii,102p. ; 21cm. | ||
| 350 | _a9.95 | ||
| 520 | _aPublished as part of the RIIA Energy and Environmental Programme. | ||
| 650 | _aALTERNATIVE ENERGY SOURCES | ||
| 650 | _aBIOFUELS | ||
| 650 | _aENERGY SOURCES | ||
| 690 |
_aENERGY _96237 |
||
| 710 |
_aRoyal Institute of International Affairs _9684 |
||
| 942 | _n0 | ||
| 948 | _c04/03/1997 | ||
| 999 |
_c90731 _d90731 |
||